000 01736cam a2200409 a 4500
001 12602893
003 OSt
005 20180116192409.0
008 011129s2002 enka | b 001 0 eng
010 _a 2001058882
020 _a041523803X
020 _a0415238048 (pbk.)
040 _aDLC
_cDLC
_dDLC
050 0 0 _aPN45
_b.S416 2002
082 0 0 _a801.93
_221
245 0 2 _aA shock to thought :
_bexpressions after Deleuze and Guattari /
_cedited by Brian Massumi.
260 _aLondon ;
_aNew York :
_bRoutledge,
_c2002.
300 _axxxix, 256 p. :
_bill. ;
_c24 cm.
504 _aIncludes bibliographical references and index.
600 1 0 _aDeleuze, Gilles,
_d1925-1995
_xCriticism and interpretation.
_95590
600 1 0 _aDeleuze, Gilles,
_d1925-1995
_xExpression
_95614
600 1 0 _aGuattari, Félix,
_d1930-1992.
_xCriticism and interpretation.
_95591
650 0 _aLiterature
_xAesthetics.
_95592
650 0 _aArt
_95615
650 0 _aAesthetics.
_95593
650 0 _aExpression
_95616
650 0 _aEmpiricism in literature.
_95617
700 1 _aMassumi, Brian.
_95594
856 4 1 _3Table of contents only
_uhttp://www.loc.gov/catdir/toc/fy0609/2001058882.html
856 4 2 _3Publisher description
_uhttp://www.loc.gov/catdir/enhancements/fy0650/2001058882-d.html
856 4 2 _3Contributor biographical information
_uhttp://www.loc.gov/catdir/enhancements/fy1102/2001058882-b.html
906 _a7
_bcbc
_corignew
_d1
_eocip
_f20
_gy-gencatlg
942 _2ddc
_cBK
999 _c353488
_d353488